[Event "Chess House Summer IM 2019"]
[Site "Aarhus"]
[Date "2019.06.30"]
[Round "1.1"]
[White "Heimisson, Hilmir Freyr"]
[Black "Ramsdal, Jens Albert"]
[Result "1/2-1/2"]
[WhiteElo "2279"]
[BlackElo "2257"]
[PlyCount "103"]
[EventDate "2019.06.??"]
[EventType "tourn"]
[EventRounds "9"]
[EventCountry "DEN"]

1. d4 c5 2. d5 g6 3. Bd2 Bg7 4. Bc3 Bxc3+ 5. Nxc3 d6 6. Qd2 a6 7. a4 Qa5 8. Ra2
Nf6 9. e4 e5 10. Be2 Nbd7 11. Nf3 Nb6 12. Nd1 Qb4 13. a5 Nbd7 14. Bd3 Qxd2+ 15.
Nxd2 b5 16. axb6 Nxb6 17. Ne3 Ke7 18. Ke2 Ne8 19. Rb1 Nc7 20. b4 cxb4 21. Rxb4
Nd7 22. Nb3 Rb8 23. Na5 Rxb4 24. Nc6+ Kf6 25. Nxb4 Nc5 26. f3 Bd7 27. Kd2 Ra8
28. Nc4 Rb8 29. c3 Ke7 30. Na5 Rb6 31. g4 Bb5 32. c4 Bd7 33. Rb2 Kf8 34. Bc2
Ne8 35. Nd3 Rxb2 36. Nxb2 f5 37. gxf5 gxf5 38. Nd3 Nxd3 39. Bxd3 f4 40. c5 dxc5
41. Nc4 Bb5 42. Nxe5 Nd6 43. Bxb5 Nxb5 44. Nd7+ Ke7 45. Nxc5 Nd4 46. Nxa6 Nxf3+
47. Ke2 Nxh2 48. Nb4 Kd6 49. Nd3 f3+ 50. Kf2 Ng4+ 51. Kxf3 Nf6 52. e5+ 1/2-1/2

[Event "Chess House Summer IM 2019"]
[Site "Aarhus"]
[Date "2019.06.30"]
[Round "1.2"]
[White "Easwaralingam, Adesh"]
[Black "Svane, Frederik"]
[Result "0-1"]
[WhiteElo "2087"]
[BlackElo "2342"]
[PlyCount "56"]
[EventDate "2019.06.??"]
[EventType "tourn"]
[EventRounds "9"]
[EventCountry "DEN"]

1. e4 c5 2. Nf3 Nc6 3. Bb5 g6 4. Bxc6 dxc6 5. d3 Bg7 6. h3 Nf6 7. Nc3 Nd7 8.
Be3 e5 9. Qd2 h6 10. O-O b6 11. Nh2 Nf8 12. f4 exf4 13. Bxf4 Ne6 14. Bg3 Qg5
15. Qe1 Nd4 16. Nf3 Qd8 17. Qf2 O-O 18. Kh1 f5 19. Qd2 g5 20. exf5 Bxf5 21.
Nxd4 Qxd4 22. Qe2 Rae8 23. Qh5 Qd7 24. Rae1 Rxe1 25. Rxe1 c4 26. dxc4 Bxc2 27.
Ne4 Qd4 28. Qg6 Bxe4 0-1

[Event "Chess House Summer IM 2019"]
[Site "Aarhus"]
[Date "2019.06.30"]
[Round "1.3"]
[White "Koellner, Ruben Gideon"]
[Black "Matthiesen, Martin"]
[Result "0-1"]
[WhiteElo "2299"]
[BlackElo "2239"]
[PlyCount "78"]
[EventDate "2019.06.??"]
[EventType "tourn"]
[EventRounds "9"]
[EventCountry "DEN"]

1. d4 d5 2. c4 e6 3. Nc3 Nf6 4. cxd5 exd5 5. Bg5 c6 6. Qc2 Nbd7 7. e3 h6 8. Bh4
Be7 9. f3 Ng4 10. Bxe7 Nxe3 11. Bxd8 Nxc2+ 12. Kd2 Nxa1 13. Bh4 b5 14. b3 Nb6
15. Bd3 b4 16. Nce2 a5 17. Nh3 a4 18. bxa4 Nc4+ 19. Bxc4 dxc4 20. Rxa1 Rxa4 21.
Nf2 Ba6 22. Ne4 c3+ 23. Ke1 Bxe2 24. Kxe2 O-O 25. Kd3 Rfa8 26. Be7 Rxa2 27.
Rxa2 Rxa2 28. Bxb4 Rxg2 29. Bxc3 Rxh2 30. Nd6 Kf8 31. Bb4 Rg2 32. Nc4+ Ke8 33.
Ne5 h5 34. Be1 g5 35. Nxc6 h4 36. Ne5 h3 37. d5 f6 38. Ng4 Rxg4 39. fxg4 h2 0-1

[Event "Chess House Summer IM 2019"]
[Site "Aarhus"]
[Date "2019.06.30"]
[Round "1.4"]
[White "Odnorozhenko, Evgenyi"]
[Black "Berg, Klaus"]
[Result "1/2-1/2"]
[WhiteElo "2247"]
[BlackElo "2295"]
[PlyCount "61"]
[EventDate "2019.06.??"]
[EventType "tourn"]
[EventRounds "9"]
[EventCountry "DEN"]

1. e4 c5 2. Nf3 e6 3. c3 Nf6 4. e5 Nd5 5. d4 cxd4 6. cxd4 d6 7. Bc4 Be7 8. O-O
O-O 9. Bxd5 exd5 10. Nc3 dxe5 11. Nxe5 Nc6 12. Bf4 Nxe5 13. Bxe5 Be6 14. Qd2
Bb4 15. a3 Bxc3 16. Qxc3 f6 17. Bf4 Rc8 18. Qd2 Qd7 19. Rfc1 Rxc1+ 20. Rxc1 Rc8
21. Rxc8+ Qxc8 22. Qc1 Qxc1+ 23. Bxc1 Kf7 24. Kf1 Ke7 25. Ke2 Kd7 26. Bf4 a6
27. Kd2 Kc6 28. Kc3 Bf5 29. h4 h5 30. g3 Be4 31. Be3 1/2-1/2

[Event "Chess House Summer IM 2019"]
[Site "Aarhus"]
[Date "2019.06.30"]
[Round "1.5"]
[White "Brondt, Nicolai Kvist"]
[Black "Carlstedt, Jonathan"]
[Result "0-1"]
[WhiteElo "2325"]
[BlackElo "2408"]
[PlyCount "96"]
[EventDate "2019.06.??"]
[EventType "tourn"]
[EventRounds "9"]
[EventCountry "DEN"]

1. Nf3 Nf6 2. c4 e6 3. g3 d5 4. d4 c5 5. Bg2 Be7 6. O-O O-O 7. cxd5 exd5 8. b3
Nc6 9. Bb2 Bg4 10. Nbd2 Re8 11. Ne5 Bh5 12. Ndf3 Rc8 13. Rc1 cxd4 14. Bh3 Rc7
15. Nxc6 bxc6 16. Nxd4 c5 17. Nf5 d4 18. Qd3 Bf8 19. Rfe1 g6 20. Nh4 Nd5 21. a3
Bh6 22. Rxc5 Nf4 23. Qxd4 Nxh3+ 24. Kg2 Qxd4 25. Bxd4 Rxc5 26. Bxc5 Ng5 27. f3
Ne6 28. Bxa7 Bg5 29. Kh3 Ra8 30. Bf2 Rxa3 31. g4 Nf4+ 32. Kg3 Bxh4+ 33. Kxh4
Ng2+ 34. Kg3 Nxe1 35. Bxe1 Bxg4 36. Kxg4 Rxb3 37. e4 Kg7 38. Bf2 Kf6 39. Bd4+
Ke6 40. Kg3 Rd3 41. Bb2 g5 42. Kg4 f6 43. Kg3 h5 44. h3 Rd2 45. Bc1 Rc2 46. Be3
h4+ 47. Kg4 Rg2+ 48. Kh5 Rg3 0-1

[Event "Chess House Summer IM 2019"]
[Site "Aarhus"]
[Date "2019.07.01"]
[Round "2.1"]
[White "Ramsdal, Jens Albert"]
[Black "Carlstedt, Jonathan"]
[Result "0-1"]
[WhiteElo "2257"]
[BlackElo "2408"]
[PlyCount "94"]
[EventDate "2019.06.??"]
[EventType "tourn"]
[EventRounds "9"]
[EventCountry "DEN"]

1. e4 e5 2. Nf3 Nc6 3. Bb5 a6 4. Ba4 d6 5. c3 f5 6. d3 Be7 7. Nbd2 Nf6 8. b4
O-O 9. Nf1 Kh8 10. Ng3 f4 11. Ne2 Bg4 12. Nd2 b5 13. Bc2 a5 14. f3 Be6 15. bxa5
Rxa5 16. Nb3 Ra7 17. Bd2 g5 18. d4 Bc4 19. d5 Nb8 20. g4 Kg7 21. Nxf4 exf4 22.
Nd4 Kh8 23. h4 gxh4 24. Ne6 Qe8 25. Bxf4 c5 26. Bb3 Nxd5 27. exd5 Rxf4 28. Nxf4
Bf6+ 29. Kf2 Qe5 30. Bxc4 Qxf4 31. Bxb5 Bxc3 32. a4 Rf7 33. Be2 Qg3+ 34. Ke3
Qe5+ 35. Kf2 Bd4+ 36. Ke1 Rxf3 37. Rc1 Qg3+ 38. Kd2 Rc3 39. Rb1 Qf4+ 40. Ke1
Bf2+ 41. Kf1 Bg3+ 42. Bf3 Rxf3+ 43. Kg2 h3+ 44. Rxh3 Rf2+ 45. Kg1 Bh2+ 46. Kh1
Qe4+ 47. Rf3 Rxf3 0-1

[Event "Chess House Summer IM 2019"]
[Site "Aarhus"]
[Date "2019.07.01"]
[Round "2.2"]
[White "Matthiesen, Martin"]
[Black "Odnorozhenko, Evgenyi"]
[Result "1/2-1/2"]
[WhiteElo "2239"]
[BlackElo "2247"]
[PlyCount "61"]
[EventDate "2019.06.??"]
[EventType "tourn"]
[EventRounds "9"]
[EventCountry "DEN"]

1. e4 c5 2. Nf3 Nc6 3. d4 cxd4 4. Nxd4 g6 5. c4 Nf6 6. Nc3 d6 7. f3 Nxd4 8.
Qxd4 Bg7 9. Be3 O-O 10. Qd2 a5 11. Be2 a4 12. O-O Qa5 13. Rfc1 Be6 14. Rab1
Rfc8 15. b3 axb3 16. axb3 Qb4 17. Rc2 Nd7 18. Nb5 Qxd2 19. Rxd2 Nc5 20. g4 Bd7
21. Rc2 Bxb5 22. cxb5 Ne6 23. Rxc8+ Rxc8 24. Bc4 Bd4 25. Kf2 b6 26. f4 Rc5 27.
Bxd4 Nxd4 28. Ra1 Nxb5 29. Ra6 d5 30. exd5 Nd6 31. Rxb6 1/2-1/2

[Event "Chess House Summer IM 2019"]
[Site "Aarhus"]
[Date "2019.07.01"]
[Round "2.3"]
[White "Svane, Frederik"]
[Black "Koellner, Ruben Gideon"]
[Result "1-0"]
[WhiteElo "2342"]
[BlackElo "2299"]
[PlyCount "81"]
[EventDate "2019.06.??"]
[EventType "tourn"]
[EventRounds "9"]
[EventCountry "DEN"]

1. c4 Nf6 2. Nc3 e6 3. e4 d5 4. e5 Nfd7 5. cxd5 Nxe5 6. d4 Ng6 7. Bb5+ c6 8.
dxc6 Nxc6 9. Nf3 Be7 10. Bxc6+ bxc6 11. Qa4 O-O 12. O-O Qb6 13. Qc2 Rb8 14. Na4
Qa5 15. Bd2 Qd5 16. Rfc1 e5 17. Nc3 Qd6 18. Ne4 Qd5 19. Nxe5 Nxe5 20. dxe5 Bf5
21. Re1 Qxe5 22. Bc3 Qf4 23. Qa4 Bd6 24. g3 Qh6 25. Bxg7 Qxg7 26. Nxd6 Bh3 27.
Qh4 Be6 28. Ne4 f5 29. Nc5 Bd5 30. Re7 Rf7 31. Rae1 Rxb2 32. Re8+ Rf8 33. Rxf8+
Qxf8 34. Nd7 Qf7 35. Nf6+ Kg7 36. Nxd5 Qxd5 37. Re7+ Kg6 38. Qxh7+ Kg5 39. f4+
Kg4 40. Qh4+ Kf3 41. Qh5# 1-0

[Event "Chess House Summer IM 2019"]
[Site "Aarhus"]
[Date "2019.07.01"]
[Round "2.4"]
[White "Heimisson, Hilmir Freyr"]
[Black "Easwaralingam, Adesh"]
[Result "1/2-1/2"]
[WhiteElo "2279"]
[BlackElo "2087"]
[PlyCount "123"]
[EventDate "2019.06.??"]
[EventType "tourn"]
[EventRounds "9"]
[EventCountry "DEN"]

1. Nf3 Nf6 2. c4 e6 3. Nc3 Bb4 4. Qc2 O-O 5. a3 Bxc3 6. Qxc3 c5 7. e3 b6 8. Be2
Bb7 9. b4 d6 10. O-O Ne4 11. Qb3 Nd7 12. d3 Nef6 13. Bb2 Qc7 14. Rfd1 Rac8 15.
Rac1 d5 16. Qa2 dxc4 17. dxc4 Rfd8 18. Qa1 Kf8 19. h3 Ke8 20. Bc3 Be4 21. bxc5
Qxc5 22. a4 Qc7 23. a5 Ke7 24. axb6 axb6 25. Qb2 Nc5 26. Bd4 h6 27. Nd2 Bc6 28.
Rb1 Nfd7 29. Bxg7 Rg8 30. Nf3 f6 31. Bxh6 e5 32. Nh4 Bxg2 33. Nxg2 Rg6 34. Bf4
exf4 35. exf4 Rcg8 36. Bg4 f5 37. Re1+ Kd8 38. f3 fxg4 39. hxg4 Nd3 40. Qe2
Qc5+ 41. Qe3 Nxe1 42. Rxe1 Re6 43. Qxc5 Rxe1+ 44. Nxe1 Nxc5 45. Kf2 Kd7 46. Nc2
Kd6 47. Ne3 Nd7 48. Ke2 Kc5 49. Kd3 Nf6 50. f5 Rd8+ 51. Kc3 Rd4 52. g5 Nh5 53.
f6 Rf4 54. Kd3 Ng3 55. Ng4 Rxf3+ 56. Kc2 Ne4 57. Ne5 Rf2+ 58. Kd1 Rf5 59. f7
Nxg5 60. f8=Q+ Rxf8 61. Nd7+ Kxc4 62. Nxf8 1/2-1/2

[Event "Chess House Summer IM 2019"]
[Site "Aarhus"]
[Date "2019.07.01"]
[Round "2.5"]
[White "Berg, Klaus"]
[Black "Brondt, Nicolai Kvist"]
[Result "1/2-1/2"]
[WhiteElo "2295"]
[BlackElo "2325"]
[PlyCount "81"]
[EventDate "2019.06.??"]
[EventType "tourn"]
[EventRounds "9"]
[EventCountry "DEN"]

1. e4 c6 2. d4 d5 3. exd5 cxd5 4. c4 Nf6 5. Nc3 Nc6 6. Nf3 Bg4 7. cxd5 Nxd5 8.
Qb3 Bxf3 9. gxf3 e6 10. Qxb7 Nxd4 11. Bb5+ Nxb5 12. Qc6+ Ke7 13. Qxb5 Qd7 14.
Nxd5+ exd5 15. Bg5+ f6 16. Qxd7+ Kxd7 17. Be3 Ke6 18. O-O-O Rd8 19. Rhe1 Kf7
20. a3 Rd7 21. Rd3 Be7 22. Red1 Rhd8 23. Kb1 g6 24. b4 f5 25. Ka2 Bf6 26. Bc5
Ke6 27. Re1+ Kf7 28. Kb3 Be7 29. Bxe7 Rxe7 30. Rxe7+ Kxe7 31. Kc3 Kd6 32. Kd4
Rb8 33. Rc3 a5 34. Rb3 axb4 35. Rxb4 Ra8 36. Rb6+ Ke7 37. Kxd5 Rxa3 38. Ke5
Rxf3 39. Rb7+ Kd8 40. Rxh7 Rxf2 41. Kf6 1/2-1/2

[Event "Chess House Summer IM 2019"]
[Site "Aarhus"]
[Date "2019.07.01"]
[Round "3.1"]
[White "Carlstedt, Jonathan"]
[Black "Berg, Klaus"]
[Result "1-0"]
[WhiteElo "2408"]
[BlackElo "2295"]
[PlyCount "75"]
[EventDate "2019.06.??"]
[EventType "tourn"]
[EventRounds "9"]
[EventCountry "DEN"]

1. c4 g6 2. g3 Bg7 3. Bg2 Nf6 4. Nc3 O-O 5. e4 d6 6. Nge2 c5 7. a3 a5 8. d3 Nc6
9. Rb1 Ne8 10. Be3 Nc7 11. d4 cxd4 12. Nxd4 Nxd4 13. Bxd4 Bxd4 14. Qxd4 a4 15.
h4 e5 16. Qd1 Qd7 17. O-O Qc6 18. Rc1 Be6 19. Qd2 Bxc4 20. Rfd1 Rfd8 21. Bf1 b5
22. Nxb5 Nxb5 23. Bxc4 Qd7 24. Bxb5 Qxb5 25. h5 Rab8 26. h6 Qe8 27. Rc4 Rb7 28.
Rdc1 Kf8 29. R1c2 Ke7 30. Qa5 Ra8 31. Rc7+ Rxc7 32. Rxc7+ Kf6 33. Qd5 Ra6 34.
Qb7 Ra8 35. f4 Rd8 36. Qd5 exf4 37. gxf4 Rd7 38. e5+ 1-0

[Event "Chess House Summer IM 2019"]
[Site "Aarhus"]
[Date "2019.07.01"]
[Round "3.2"]
[White "Odnorozhenko, Evgenyi"]
[Black "Svane, Frederik"]
[Result "1/2-1/2"]
[WhiteElo "2247"]
[BlackElo "2342"]
[PlyCount "43"]
[EventDate "2019.06.??"]
[EventType "tourn"]
[EventRounds "9"]
[EventCountry "DEN"]

1. e4 c5 2. Nf3 Nc6 3. Bb5 g6 4. Bxc6 dxc6 5. d3 Bg7 6. h3 Nf6 7. Nc3 Nd7 8.
Be3 e5 9. Qd2 h6 10. O-O b6 11. Nh2 Nf8 12. f4 exf4 13. Bxf4 Ne6 14. Bg3 Qg5
15. Qe1 Nd4 16. Qf2 Be6 17. Bh4 Qh5 18. g4 Qe5 19. Bg3 Qg5 20. Bh4 Qe5 21. Bg3
Qg5 22. Bh4 1/2-1/2

[Event "Chess House Summer IM 2019"]
[Site "Aarhus"]
[Date "2019.07.01"]
[Round "3.3"]
[White "Brondt, Nicolai Kvist"]
[Black "Matthiesen, Martin"]
[Result "1/2-1/2"]
[WhiteElo "2325"]
[BlackElo "2239"]
[PlyCount "136"]
[EventDate "2019.06.??"]
[EventType "tourn"]
[EventRounds "9"]
[EventCountry "DEN"]

1. d4 Nf6 2. Nf3 g6 3. c4 Bg7 4. g3 O-O 5. Bg2 d6 6. O-O c5 7. Nc3 Nc6 8. d5
Na5 9. Nd2 a6 10. Rb1 Bf5 11. e4 Bd7 12. b3 e5 13. Qe2 Rb8 14. a3 b6 15. b4 Nb7
16. Bb2 Qe7 17. Rbe1 Nh5 18. Kh1 Bh6 19. Nb3 cxb4 20. axb4 a5 21. bxa5 bxa5 22.
Ra1 Ra8 23. Na4 Qd8 24. c5 Bxa4 25. Rxa4 dxc5 26. Rfa1 Qb6 27. Qc2 Rfe8 28. Bc3
Bf8 29. Nxa5 Nxa5 30. Bxa5 Qb7 31. Bc3 Bd6 32. Bf1 Nf6 33. f3 Rxa4 34. Qxa4 Rd8
35. Bb5 Rb8 36. Rb1 h5 37. Bd3 Qc8 38. Rxb8 Qxb8 39. Bb5 h4 40. Kg2 hxg3 41.
hxg3 Nh5 42. Qa5 Kg7 43. Bd2 Nf6 44. Qa6 Ng8 45. Bc3 Nf6 46. Qc6 Qd8 47. Bd3
Qb8 48. Bc2 Qd8 49. Qb7 Qh8 50. Qb6 Qf8 51. Qb2 Qe7 52. Bd3 Nh5 53. f4 f6 54.
fxe5 Bxe5 55. Bxe5 Qxe5 56. Qxe5 fxe5 57. Kf3 Nf6 58. Bb5 Kf7 59. Ke3 Ke7 60.
Ba4 Nh7 61. Kd3 Nf6 62. Ke3 Nh7 63. Kd3 Ng5 64. Kc4 Nxe4 65. Bc2 Nxg3 66. Kxc5
Nf5 67. d6+ Kd8 68. Kd5 Ne3+ 1/2-1/2

[Event "Chess House Summer IM 2019"]
[Site "Aarhus"]
[Date "2019.07.01"]
[Round "3.4"]
[White "Koellner, Ruben Gideon"]
[Black "Heimisson, Hilmir Freyr"]
[Result "1-0"]
[WhiteElo "2299"]
[BlackElo "2279"]
[PlyCount "119"]
[EventDate "2019.06.??"]
[EventType "tourn"]
[EventRounds "9"]
[EventCountry "DEN"]

1. d4 Nf6 2. Bg5 d5 3. e3 c5 4. Bxf6 gxf6 5. dxc5 Nc6 6. c4 Qa5+ 7. Nd2 d4 8.
exd4 Nxd4 9. a3 Bf5 10. b4 Qa6 11. Ra2 O-O-O 12. Be2 Rg8 13. Ngf3 Rxg2 14. Nxd4
Rxd4 15. c6 Qxc6 16. Bf3 Qe6+ 17. Qe2 Qxe2+ 18. Kxe2 Rg8 19. Nb3 Rd7 20. Rd2
Rxd2+ 21. Kxd2 Bh6+ 22. Kc3 Rd8 23. Rd1 Rxd1 24. Bxd1 Bf4 25. h4 Be4 26. Nc5
Be5+ 27. Kd2 Bg2 28. Nd3 Kd7 29. Ke3 Bc7 30. Ba4+ Kd8 31. f3 Bh3 32. c5 e5 33.
Nf2 Be6 34. Ne4 Ke7 35. Bc2 Bf5 36. Bd3 Ke6 37. Bc4+ Ke7 38. Ng3 Bb1 39. Bd3
Bxd3 40. Kxd3 Ke6 41. Ke4 b6 42. Nf5 bxc5 43. bxc5 Ba5 44. Ng7+ Ke7 45. Kd5 f5
46. Nxf5+ Kf6 47. Nd6 Be1 48. c6 Ba5 49. c7 Bxc7 50. Ne8+ Kf5 51. Nxc7 Kf4 52.
Nb5 a6 53. Nd6 f5 54. a4 a5 55. Nc4 e4 56. fxe4 fxe4 57. Kd4 h5 58. Nxa5 Kg3
59. Nc4 Kxh4 60. a5 1-0

[Event "Chess House Summer IM 2019"]
[Site "Aarhus"]
[Date "2019.07.01"]
[Round "3.5"]
[White "Easwaralingam, Adesh"]
[Black "Ramsdal, Jens Albert"]
[Result "0-1"]
[WhiteElo "2087"]
[BlackElo "2257"]
[PlyCount "86"]
[EventDate "2019.06.??"]
[EventType "tourn"]
[EventRounds "9"]
[EventCountry "DEN"]

1. e4 c5 2. Nf3 Nc6 3. Bb5 g6 4. Bxc6 dxc6 5. d3 Bg7 6. h3 b6 7. a4 a5 8. Na3
Nf6 9. O-O Nd7 10. Re1 e5 11. Nc4 Qc7 12. Bd2 Nf8 13. Ncxe5 Ne6 14. Bc3 Nd4 15.
Nc4 Be6 16. Nxd4 cxd4 17. Bd2 O-O-O 18. Na3 g5 19. Qh5 Be5 20. b4 axb4 21. Bxb4
f6 22. Bd2 Bf7 23. Qg4+ Rd7 24. a5 b5 25. Reb1 h5 26. Qe2 Kb8 27. Bb4 Ka8 28.
Bc5 Be6 29. c3 dxc3 30. Nc2 Qc8 31. d4 Bb8 32. Bb6 Re7 33. Qd3 h4 34. f3 Bxh3
35. gxh3 Qxh3 36. Qe2 g4 37. Qg2 Qxg2+ 38. Kxg2 h3+ 39. Kg1 g3 40. Ne3 Bf4 41.
Ng4 f5 42. exf5 h2+ 43. Nxh2 Rxh2 0-1

[Event "Chess House Summer IM 2019"]
[Site "Aarhus"]
[Date "2019.07.02"]
[Round "4.1"]
[White "Matthiesen, Martin"]
[Black "Carlstedt, Jonathan"]
[Result "0-1"]
[WhiteElo "2239"]
[BlackElo "2408"]
[PlyCount "72"]
[EventDate "2019.06.??"]
[EventType "tourn"]
[EventRounds "9"]
[EventCountry "DEN"]

1. d4 Nf6 2. c4 e6 3. Nf3 Bb4+ 4. Bd2 a5 5. g3 b6 6. Bg2 Bb7 7. O-O O-O 8. Nc3
Bxc3 9. Bxc3 Be4 10. Rc1 d5 11. b3 Nbd7 12. Bh3 h6 13. Nd2 Bg6 14. Bg2 Qe7 15.
Bb2 Rac8 16. Re1 c5 17. e4 cxd4 18. exd5 Nc5 19. Bf1 d3 20. Qf3 Qd8 21. Bh3 Nh7
22. Qe3 Re8 23. Qd4 Qf6 24. dxe6 fxe6 25. Qxc5 Qxb2 26. Qxb6 Ng5 27. Qxa5 Nxh3+
28. Kg2 Ng5 29. Qc3 Qxa2 30. Ra1 Qc2 31. Rec1 Qxc3 32. Rxc3 e5 33. h4 Ne6 34.
b4 Nd4 35. Ra6 Bh7 36. Rca3 e4 0-1

[Event "Chess House Summer IM 2019"]
[Site "Aarhus"]
[Date "2019.07.02"]
[Round "4.2"]
[White "Svane, Frederik"]
[Black "Brondt, Nicolai Kvist"]
[Result "1-0"]
[WhiteElo "2342"]
[BlackElo "2325"]
[PlyCount "95"]
[EventDate "2019.06.??"]
[EventType "tourn"]
[EventRounds "9"]
[EventCountry "DEN"]

1. e4 c5 2. Nf3 e6 3. c3 d5 4. exd5 Qxd5 5. d4 Nf6 6. Be2 cxd4 7. cxd4 Be7 8.
Nc3 Qd8 9. O-O O-O 10. Bf4 Nc6 11. Rc1 Nb4 12. Ne5 Nbd5 13. Bg3 Bd7 14. Qb3
Nxc3 15. bxc3 Bc6 16. Nxc6 bxc6 17. Bf3 Qd7 18. Qa4 Rac8 19. Rb1 Bd6 20. Bxd6
Qxd6 21. Qxa7 Ra8 22. Qb6 Nd5 23. Qb2 Ra4 24. Bd1 Ra5 25. a4 c5 26. Qa3 Qf4 27.
c4 Nf6 28. dxc5 Qxc4 29. Rc1 Qa6 30. Bb3 Rc8 31. Rc2 g6 32. Rfc1 Rc6 33. Bc4
Qa7 34. Qf3 Nd5 35. Bb5 Rc8 36. h4 Nc7 37. Bc6 Nd5 38. Bb5 Nc7 39. Qc6 Rb8 40.
Qd6 Nxb5 41. axb5 Raxb5 42. c6 Rd5 43. Qf4 Rc8 44. c7 Qb7 45. Qf6 h5 46. Rb2
Qa7 47. Rb8 Qa6 48. Ra1 1-0

[Event "Chess House Summer IM 2019"]
[Site "Aarhus"]
[Date "2019.07.02"]
[Round "4.3"]
[White "Heimisson, Hilmir Freyr"]
[Black "Odnorozhenko, Evgenyi"]
[Result "1-0"]
[WhiteElo "2279"]
[BlackElo "2247"]
[PlyCount "85"]
[EventDate "2019.06.??"]
[EventType "tourn"]
[EventRounds "9"]
[EventCountry "DEN"]

1. d4 e6 2. e4 c5 3. d5 Nf6 4. dxe6 dxe6 5. Qxd8+ Kxd8 6. f3 Bd6 7. Bg5 h6 8.
Bh4 Ke7 9. Na3 Rd8 10. Nc4 Nc6 11. Nxd6 Rxd6 12. c3 e5 13. Bf2 b6 14. Ne2 Be6
15. Ng3 Rad8 16. Be3 Kf8 17. Be2 Ne8 18. Kf2 Nc7 19. Rhc1 R8d7 20. f4 f6 21. f5
Bf7 22. Nf1 Be8 23. g4 Rd8 24. h4 Nb8 25. a4 Nc6 26. Ra3 R8d7 27. Ng3 Bf7 28.
Rh1 Na5 29. g5 hxg5 30. hxg5 Nc4 31. Rh8+ Ke7 32. Bxc4 Bxc4 33. a5 Ne8 34. axb6
axb6 35. b4 cxb4 36. cxb4 fxg5 37. Bxg5+ Nf6 38. Nh5 Kf7 39. Nxf6 gxf6 40. Bh6
Rd3 41. Raa8 Ke7 42. Rac8 Rc3 43. Rh7+ 1-0

[Event "Chess House Summer IM 2019"]
[Site "Aarhus"]
[Date "2019.07.02"]
[Round "4.4"]
[White "Ramsdal, Jens Albert"]
[Black "Berg, Klaus"]
[Result "1/2-1/2"]
[WhiteElo "2257"]
[BlackElo "2295"]
[PlyCount "61"]
[EventDate "2019.06.??"]
[EventType "tourn"]
[EventRounds "9"]
[EventCountry "DEN"]

1. e4 d5 2. exd5 Qxd5 3. d4 Nc6 4. Nf3 Bg4 5. Be2 O-O-O 6. c4 Qf5 7. Be3 Bxf3
8. Bxf3 Nxd4 9. Bxd4 Qe6+ 10. Be2 c5 11. Nc3 cxd4 12. Nd5 Nf6 13. Qxd4 Kb8 14.
Qf4+ Qd6 15. Qxd6+ Rxd6 16. Nxf6 gxf6 17. Rd1 Rxd1+ 18. Kxd1 e6 19. Bh5 Rg8 20.
g3 Rg7 21. Ke2 f5 22. h3 Kc7 23. Rd1 a5 24. Bf3 b6 25. Rd4 Bc5 26. Rd3 f6 27.
Bh5 Rd7 28. f3 Rxd3 29. Kxd3 Kd6 30. Bf7 Bf2 31. g4 1/2-1/2

[Event "Chess House Summer IM 2019"]
[Site "Aarhus"]
[Date "2019.07.02"]
[Round "4.5"]
[White "Easwaralingam, Adesh"]
[Black "Koellner, Ruben Gideon"]
[Result "0-1"]
[WhiteElo "2087"]
[BlackElo "2299"]
[PlyCount "58"]
[EventDate "2019.06.??"]
[EventType "tourn"]
[EventRounds "9"]
[EventCountry "DEN"]

1. e4 d6 2. d4 Nf6 3. Nc3 Nbd7 4. Nf3 e5 5. Bc4 Be7 6. O-O Nb6 7. Bb3 exd4 8.
Nxd4 c5 9. Nf5 Bxf5 10. exf5 c4 11. Ba4+ Nxa4 12. Nxa4 O-O 13. Nc3 d5 14. Be3
Rc8 15. Bd4 Ne4 16. Qg4 Bf6 17. Bxf6 Nxf6 18. Qd4 Qd7 19. g4 h6 20. Rad1 Rfd8
21. h4 b5 22. g5 hxg5 23. hxg5 b4 24. gxf6 bxc3 25. Qxc3 Qxf5 26. fxg7 Rc6 27.
f3 d4 28. Qd2 Rg6+ 29. Kf2 Qh3 0-1

[Event "Chess House Summer IM 2019"]
[Site "Aarhus"]
[Date "2019.07.03"]
[Round "5.1"]
[White "Carlstedt, Jonathan"]
[Black "Svane, Frederik"]
[Result "1-0"]
[WhiteElo "2408"]
[BlackElo "2342"]
[PlyCount "67"]
[EventDate "2019.06.??"]
[EventType "tourn"]
[EventRounds "9"]
[EventCountry "DEN"]

1. e4 c5 2. Nf3 e6 3. d4 cxd4 4. Nxd4 a6 5. c4 Nf6 6. Nc3 Qc7 7. Be2 b6 8. f4
d6 9. O-O Bb7 10. Bf3 Nbd7 11. Be3 Be7 12. Rc1 O-O 13. g4 Nc5 14. Qc2 Rfe8 15.
g5 Nfd7 16. Nde2 Nf8 17. h4 Rac8 18. Ng3 Qb8 19. Qg2 Ng6 20. Qh2 Nd3 21. Rcd1
Ngxf4 22. Bg4 Rxc4 23. Bxf4 Nxf4 24. Rxf4 d5 25. Rdf1 Bd6 26. Rxf7 Bxg3 27. Qh3
Bc8 28. h5 Qd6 29. h6 Rc7 30. g6 Qe5 31. gxh7+ Kxh7 32. hxg7+ Kg6 33. R1f6+
Qxf6 34. Qh5# 1-0

[Event "Chess House Summer IM 2019"]
[Site "Aarhus"]
[Date "2019.07.03"]
[Round "5.2"]
[White "Koellner, Ruben Gideon"]
[Black "Ramsdal, Jens Albert"]
[Result "0-1"]
[WhiteElo "2299"]
[BlackElo "2257"]
[PlyCount "128"]
[EventDate "2019.06.??"]
[EventType "tourn"]
[EventRounds "9"]
[EventCountry "DEN"]

1. d4 Nf6 2. Nf3 b6 3. e3 Bb7 4. Bd3 g6 5. Nbd2 Bg7 6. O-O c5 7. c3 d5 8. Ne5
O-O 9. f4 Ne4 10. Qf3 f6 11. Nxe4 fxe5 12. Ng5 e4 13. Qh3 h6 14. Qe6+ Kh8 15.
Bc2 Qe8 16. Qh3 Bc8 17. Qh4 Kg8 18. Nh3 Qc6 19. g4 Qf6 20. g5 Qf5 21. gxh6 Qxh3
22. Qxh3 Bxh3 23. hxg7 Kxg7 24. Rf2 cxd4 25. cxd4 Nc6 26. Bd2 a5 27. Rc1 Rfc8
28. a3 e6 29. Re2 Ne7 30. Ree1 Bg4 31. Ba4 Ra7 32. Rxc8 Nxc8 33. Rc1 Ne7 34.
Kf2 Kf6 35. Bb5 Nf5 36. Bf1 Rh7 37. Kg1 Nh4 38. Bg2 Bf3 39. Bf1 Bh5 40. Bg2 Be2
41. Rc6 Nf3+ 42. Bxf3 exf3 43. Be1 a4 44. Bg3 b5 45. Be1 Kf5 46. Bf2 Re7 47.
Bh4 Re8 48. Kf2 Ke4 49. Bf6 Bc4 50. Bh4 Be2 51. Bf6 Kd3 52. Rc3+ Kd2 53. Bg5
Rh8 54. h4 Rh5 55. Bf6 Bd1 56. Bg5 Bc2 57. Kxf3 Kc1 58. Rc6 b4 59. Ke2 Kxb2 60.
Be7 b3 61. Kd2 Rh7 62. Rc7 Ka2 63. Rb7 Rxe7 64. Rxe7 b2 0-1

[Event "Chess House Summer IM 2019"]
[Site "Aarhus"]
[Date "2019.07.03"]
[Round "5.3"]
[White "Berg, Klaus"]
[Black "Matthiesen, Martin"]
[Result "0-1"]
[WhiteElo "2295"]
[BlackElo "2239"]
[PlyCount "130"]
[EventDate "2019.06.??"]
[EventType "tourn"]
[EventRounds "9"]
[EventCountry "DEN"]

1. g3 d5 2. Nf3 g6 3. c4 dxc4 4. Qa4+ Nc6 5. Bg2 Bg7 6. O-O e5 7. Qxc4 Nge7 8.
d3 O-O 9. Nc3 h6 10. Bd2 Be6 11. Qa4 Nd4 12. Rfe1 Bd7 13. Qd1 Bc6 14. Nxd4 exd4
15. Nb1 Bxg2 16. Kxg2 Qd5+ 17. Kg1 a5 18. Qc1 Nf5 19. Qxc7 Rfc8 20. Qf4 Rc2 21.
Na3 g5 22. Qe4 Qxe4 23. dxe4 Rxd2 24. exf5 Rxb2 25. Nc4 Rc2 26. Na3 Rc3 27. Nb5
Rc5 28. Rab1 Rxf5 29. Nd6 Rd5 30. Nxb7 Bf8 31. Rec1 Re8 32. Kf1 Rde5 33. Rc2
Bb4 34. Rbb2 Kg7 35. Rc7 R8e7 36. Rxe7 Rxe7 37. Nd8 Rc7 38. Rb3 Kf6 39. Rf3+
Kg6 40. g4 a4 41. Rd3 Bc5 42. e3 Bb6 43. Kg2 Rc3 44. Rd1 Bxd8 45. Rxd4 Be7 46.
Rxa4 Ra3 47. Rxa3 Bxa3 48. Kg3 f6 49. h4 Kf7 50. hxg5 hxg5 51. Kf3 Ke6 52. Ke4
Bb4 53. a4 Be1 54. f3 Ba5 55. Kd4 Bb6+ 56. Ke4 Bc7 57. Kd4 Ba5 58. Ke4 Bb6 59.
f4 Ba5 60. Kd4 Bc7 61. Ke4 Bb6 62. Kd3 Kd5 63. e4+ Ke6 64. e5 gxf4 65. exf6
Kxf6 0-1